[Event "Wch Seniors 50 31st"]
[Site "Terassini"]
[Date "2023.11.01"]
[Round "7"]
[White "Kalisky, Vladimir"]
[Black "Cabe, Arlan"]
[Result "0-1"]
[WhiteElo "2169"]
[BlackElo "2303"]
[PlyCount "112"]
[EventDate "2023.10.25"]
[EventType "swiss"]
[EventRounds "11"]
[EventCountry "ITA"]
[SourceTitle "Mega2024 Update 01"]
[Source "Chessbase"]
[SourceDate "2023.11.12"]
[SourceVersion "1"]
[SourceVersionDate "2023.11.12"]
[SourceQuality "1"]

1. e4 g6 2. d4 Bg7 3. Nf3 d6 4. Bd3 c5 5. c3 Nf6 6. 0-0 0-0 7. Re1 cxd4 8. cxd4 Nc6 9. Nc3 Bg4 10. Be3 Nd7 11. Be2 Nb6 12. b3 e5 13. dxe5 dxe5 14. Bc5 Re8 15. Nb5 Bxf3 16. Bxf3 Nd4 17. Be2 Re6 18. a4 a6 19. Nc3 Rc8 20. Bxb6 Rxb6 21. Bc4 Rbc6 22. Qg4 Kh8 23. Red1 Qf8 24. Nd5 f5 25. Qh4 Rd6 26. a5 fxe4 27. Qxe4 Rcd8 28. Rd3 Qf5 29. f3 Qd7 30. Nb6 Qc7 31. Rad1 Qc5 32. Kf1 Qxa5 33. Na4 b5 34. Nc5 bxc4 35. Nb7 Qc7 36. bxc4 Qxc4 37. Nxd6 Rxd6 38. Qa8+ Qg8 39. Qb7 h5 40. Rc1 Qa2 41. Qe4 Qf7 42. h3 Kh7 43. Rc5 Nf5 44. Kg1 Qa7 45. Rdc3 Rd1+ 46. Kh2 Rh1+ 47. Kxh1 Ng3+ 48. Kh2 Nxe4 49. fxe4 h4 50. g3 Kh6 51. gxh4 Bf8 52. Rc8 Qf2+ 53. Kh1 a5 54. R3c4 Kh5 55. R4c7 Qf1+ 56. Kh2 Qf4+ 0-1

[Event "Wch Seniors 50 31st"]
[Site "Terassini"]
[Date "2023.10.30"]
[Round "6"]
[White "Estremera Panos, Sergio"]
[Black "Kalisky, Vladimir"]
[Result "0-1"]
[WhiteElo "2232"]
[BlackElo "2169"]
[PlyCount "100"]
[EventDate "2023.10.25"]
[EventType "swiss"]
[EventRounds "11"]
[EventCountry "ITA"]
[SourceTitle "Mega2024 Update 01"]
[Source "Chessbase"]
[SourceDate "2023.11.12"]
[SourceVersion "1"]
[SourceVersionDate "2023.11.12"]
[SourceQuality "1"]

1. d4 Nf6 2. c4 d6 3. Nf3 c5 4. dxc5 Qa5+ 5. Nc3 Qxc5 6. e4 g6 7. Be2 Bg7 8. 0-0 0-0 9. Be3 Qa5 10. Nd4 Bd7 11. f3 Rc8 12. Qd2 Nc6 13. Nb3 Qd8 14. c5 Ne8 15. Rfd1 Be6 16. Nd5 Ne5 17. Rac1 dxc5 18. Rxc5 Rxc5 19. Nxc5 Bxd5 20. Qxd5 Qxd5 21. Rxd5 b6 22. Na6 h5 23. h3 Nd6 24. b3 Rc8 25. Bf1 Kf8 26. Nb4 a5 27. Nd3 Nd7 28. e5 Nf5 29. Bf2 Ke8 30. g4 hxg4 31. hxg4 Nh6 32. Rb5 Rc6 33. a4 e6 34. Be2 Ng8 35. f4 Ne7 36. Bf3 Rc3 37. Be4 f5 38. exf6 Nxf6 39. Bd4 Nxe4 40. Bxg7 Rxd3 41. Rxb6 Kf7 42. Be5 Rg3+ 43. Kh2 Rxg4 44. b4 Nf5 45. Rb7+ Ke8 46. b5 g5 47. Rb8+ Kf7 48. Rb7+ Kg6 49. b6 gxf4 50. Rc7 f3 0-1

[Event "SVK-chT1W 2223"]
[Site "Slovakia"]
[Date "2023.02.05"]
[Round "9.2"]
[White "Abel, Peter"]
[Black "Kalisky, Vladimir"]
[Result "1/2-1/2"]
[WhiteElo "2147"]
[BlackElo "2116"]
[PlyCount "87"]
[EventDate "2022.10.15"]
[EventType "team-tourn"]
[EventRounds "11"]
[EventCountry "SVK"]
[SourceTitle "EXT 2024"]
[Source "ChessBase"]
[SourceDate "2023.10.10"]
[SourceVersion "1"]
[SourceVersionDate "2023.10.10"]
[SourceQuality "1"]
[WhiteTeam "Povazska Bystrica"]
[BlackTeam "Nitra NSK"]
[WhiteTeamCountry "SVK"]
[BlackTeamCountry "SVK"]

1. c4 e5 2. Nc3 Nc6 3. Nf3 Bc5 4. e3 d6 5. d4 Bb4 6. Qc2 Nf6 7. h3 0-0 8. a3 Bxc3+ 9. Qxc3 exd4 10. Nxd4 Ne4 11. Nxc6 bxc6 12. Qc2 f5 13. Be2 Bd7 14. 0-0 a5 15. b3 Qh4 16. Bd3 Rf6 17. f4 Rg6 18. Rf3 Re8 19. Bd2 c5 20. Kh2 Bc6 21. Be1 Qh5 22. Be2 Qh6 23. Qd3 Nf6 24. Rg3 Rxg3 25. Bxg3 Qg6 26. Bf1 Be4 27. Qd2 Nd7 28. Rc1 Ra8 29. Be1 Qe6 30. Qf2 Nf6 31. Bc3 Bc6 32. Ba1 Re8 33. Re1 Re7 34. Qh4 Ne4 35. Rd1 Qf7 36. Be2 Nf6 37. Rd3 Be4 38. Rd2 Re6 39. Qg3 Nd7 40. Qg5 Rg6 41. Qd8+ Qf8 42. Qxf8+ Kxf8 43. Bd1 Nb8 44. Bc3 1/2-1/2

[Event "Skalica op-A"]
[Site "Skalica"]
[Date "2022.08.26"]
[Round "7"]
[White "Friesen, Bas"]
[Black "Kalisky, Vladimir"]
[Result "1/2-1/2"]
[WhiteElo "2000"]
[BlackElo "2147"]
[PlyCount "66"]
[EventDate "2022.08.20"]
[EventType "swiss"]
[EventRounds "9"]
[EventCountry "SVK"]
[SourceTitle "CBM 209 Extra"]
[Source "ChessBase"]
[SourceDate "2022.09.30"]
[SourceVersion "1"]
[SourceVersionDate "2022.09.30"]
[SourceQuality "1"]

1. d4 Nf6 2. Nf3 g6 3. c4 Bg7 4. Nc3 0-0 5. e4 d6 6. Be2 e5 7. dxe5 dxe5 8. Qxd8 Rxd8 9. Nd5 Nxd5 10. cxd5 c6 11. Bc4 cxd5 12. Bxd5 Na6 13. Bg5 Re8 14. 0-0-0 Nb4 15. Bb3 Nc6 16. Bd5 Bg4 17. Kb1 Nd4 18. Nxd4 Bxd1 19. Nb5 Ba4 20. Nc7 Rab8 21. Nxe8 Bxe8 22. Rc1 b6 23. Rc7 a5 24. Bc6 Bxc6 25. Rxc6 b5 26. Be3 Bf8 27. Rb6 Rxb6 28. Bxb6 a4 29. Kc2 f5 30. f3 fxe4 31. fxe4 Kf7 32. b3 axb3+ 33. Kxb3 Ke6 1/2-1/2

[Event "Skalica op-A"]
[Site "Skalica"]
[Date "2022.08.22"]
[Round "3"]
[White "Gratze, Michael"]
[Black "Kalisky, Vladimir"]
[Result "0-1"]
[WhiteElo "1948"]
[BlackElo "2147"]
[PlyCount "72"]
[EventDate "2022.08.20"]
[EventType "swiss"]
[EventRounds "9"]
[EventCountry "SVK"]
[SourceTitle "CBM 209 Extra"]
[Source "ChessBase"]
[SourceDate "2022.09.30"]
[SourceVersion "1"]
[SourceVersionDate "2022.09.30"]
[SourceQuality "1"]

1. e4 e5 2. Nf3 Nc6 3. d4 exd4 4. Bc4 Nf6 5. e5 d5 6. Bb5 Ne4 7. Nxd4 Bd7 8. Bxc6 bxc6 9. 0-0 Bc5 10. f3 Ng5 11. Be3 0-0 12. f4 Ne4 13. Nd2 f6 14. N2b3 Bb6 15. c3 fxe5 16. fxe5 Rxf1+ 17. Qxf1 Qe7 18. c4 Rf8 19. Qc1 Qxe5 20. c5 Nxc5 21. Nf3 Nxb3 22. Nxe5 Nxc1 23. Bxb6 Ne2+ 24. Kh1 cxb6 25. Nxd7 Re8 26. Rf1 d4 27. g3 c5 28. Kg2 d3 29. Rd1 c4 30. a4 Nd4 31. a5 Re7 32. Nb8 Re2+ 33. Kh3 h5 34. axb6 Nf3 35. g4 axb6 36. gxh5 Re1 0-1

[Event "Skalica op-A"]
[Site "Skalica"]
[Date "2022.08.21"]
[Round "2"]
[White "Kalisky, Vladimir"]
[Black "Holtel, Jasper"]
[Result "0-1"]
[WhiteElo "2147"]
[BlackElo "2405"]
[PlyCount "76"]
[EventDate "2022.08.20"]
[EventType "swiss"]
[EventRounds "9"]
[EventCountry "SVK"]
[SourceTitle "CBM 209 Extra"]
[Source "ChessBase"]
[SourceDate "2022.09.30"]
[SourceVersion "1"]
[SourceVersionDate "2022.09.30"]
[SourceQuality "1"]

1. Nf3 c5 2. e4 d6 3. d4 cxd4 4. Nxd4 Nf6 5. Nc3 a6 6. Be3 e5 7. Nb3 Be6 8. f4 exf4 9. Bxf4 Nc6 10. Qd2 d5 11. exd5 Nxd5 12. Nxd5 Qxd5 13. Qxd5 Bxd5 14. 0-0-0 Rd8 15. Bd3 Be7 16. Rhe1 0-0 17. Rd2 Rfe8 18. Bf5 g6 19. Be4 Bb4 20. c3 Rxe4 21. Rxe4 Bxe4 22. Rxd8+ Nxd8 23. cxb4 Bxg2 24. Nc5 Bd5 25. Bg5 Ne6 26. Bh6 f6 27. Nxe6 Bxe6 28. h4 Kf7 29. Kd2 g5 30. hxg5 Kg6 31. Ke3 fxg5 32. Bf8 Bxa2 33. Kf3 Bd5+ 34. Kg3 h5 35. Be7 Kf5 36. Bd8 h4+ 37. Kh2 Kg4 38. Be7 Kh5 0-1

[Event "Prague Summer Holiday M1"]
[Site "Prague"]
[Date "2022.07.29"]
[Round "9"]
[White "Hajek, Zdenek"]
[Black "Kalisky, Vladimir"]
[Result "1-0"]
[WhiteElo "1958"]
[BlackElo "2137"]
[PlyCount "85"]
[EventDate "2022.07.24"]
[EventType "tourn"]
[EventRounds "9"]
[EventCountry "CZE"]
[SourceTitle "CBM 209 Extra"]
[Source "ChessBase"]
[SourceDate "2022.09.30"]
[SourceVersion "1"]
[SourceVersionDate "2022.09.30"]
[SourceQuality "1"]

1. d4 d5 2. c4 c5 3. Nf3 Nf6 4. cxd5 cxd4 5. Nxd4 Qxd5 6. Nc3 Qa5 7. g3 e5 8. Nb3 Qc7 9. Bg2 Bb4 10. 0-0 Bxc3 11. bxc3 0-0 12. Qc2 Be6 13. Rd1 Na6 14. Ba3 Rfd8 15. Rxd8+ Rxd8 16. Rd1 Rc8 17. Bd6 Qb6 18. Bxe5 Nb4 19. Qd2 Nxa2 20. Nd4 Nxc3 21. Rc1 Nce4 22. Rxc8+ Bxc8 23. Bxe4 Nxe4 24. Qc2 Bf5 25. g4 f6 26. gxf5 fxe5 27. Qc4+ Kf8 28. Ne6+ Ke7 29. Qxe4 g6 30. Ng5 Qc7 31. Nxh7 gxf5 32. Qxf5 Qc1+ 33. Kg2 Qf4 34. Qg6 a5 35. e3 Qf7 36. Qg5+ Ke6 37. Qh6+ Kd5 38. Nf6+ Kc4 39. e4 a4 40. Qc1+ Kb5 41. Nd5 Ka6 42. Qc4+ b5 43. Nc7+ 1-0

[Event "Prague Summer Holiday M1"]
[Site "Prague"]
[Date "2022.07.26"]
[Round "5"]
[White "Kalisky, Vladimir"]
[Black "Soural, Jan"]
[Result "1-0"]
[WhiteElo "2137"]
[BlackElo "2119"]
[PlyCount "97"]
[EventDate "2022.07.24"]
[EventType "tourn"]
[EventRounds "9"]
[EventCountry "CZE"]
[SourceTitle "CBM 209 Extra"]
[Source "ChessBase"]
[SourceDate "2022.09.30"]
[SourceVersion "1"]
[SourceVersionDate "2022.09.30"]
[SourceQuality "1"]

1. e4 c5 2. Nf3 Nc6 3. d4 cxd4 4. Nxd4 g6 5. Nc3 Bg7 6. Be3 Nf6 7. Bc4 0-0 8. Bb3 d6 9. f3 Nxd4 10. Bxd4 Be6 11. Qd2 Qa5 12. 0-0-0 Bxb3 13. cxb3 Rfd8 14. Kb1 e6 15. g4 b5 16. h4 b4 17. Na4 e5 18. Be3 d5 19. Qg2 dxe4 20. fxe4 Rxd1+ 21. Rxd1 Rd8 22. Rc1 Qb5 23. Nc5 Rc8 24. g5 Nd7 25. Nxd7 Qd3+ 26. Rc2 Qd1+ 27. Bc1 Rxc2 28. Nf6+ Bxf6 29. Qxc2 Qxc2+ 30. Kxc2 Be7 31. Be3 a6 32. Kd3 h5 33. Kc4 f6 34. gxf6 Bxf6 35. Bf2 g5 36. hxg5 Bxg5 37. Kd5 Kf7 38. Kxe5 h4 39. Kf5 h3 40. Bg3 Bc1 41. Kg4 Kf6 42. Kxh3 Kg5 43. Bd6 Bxb2 44. Kg3 a5 45. Kf3 Kf6 46. Bc7 a4 47. Ke3 axb3 48. axb3 Ke6 49. Kd3 1-0

[Event "SVK-chT2B 2122"]
[Site "Slovakia"]
[Date "2022.03.27"]
[Round "9.2"]
[White "Kalisky, Vladimir"]
[Black "Dobrotka, Martin"]
[Result "0-1"]
[WhiteElo "2132"]
[BlackElo "2252"]
[PlyCount "80"]
[EventDate "2021.10.16"]
[EventType "team-tourn"]
[EventRounds "11"]
[EventCountry "SVK"]
[SourceTitle "EXT 2023"]
[Source "ChessBase"]
[SourceDate "2022.10.05"]
[SourceVersion "1"]
[SourceVersionDate "2022.10.05"]
[SourceQuality "1"]
[WhiteTeam "Tlmace"]
[BlackTeam "Prievidza"]
[WhiteTeamCountry "SVK"]
[BlackTeamCountry "SVK"]

1. c4 Nf6 2. Nc3 d6 3. d4 e5 4. dxe5 dxe5 5. Qxd8+ Kxd8 6. Nf3 Nfd7 7. g3 f6 8. Bg2 c6 9. b3 Kc7 10. 0-0 a5 11. Bb2 Nc5 12. Rac1 Nba6 13. Rfd1 Be6 14. h3 a4 15. b4 Nxb4 16. Ba3 Nca6 17. Nd5+ Bxd5 18. cxd5 Rd8 19. Ne1 Nxa2 20. Bxf8 Rhxf8 21. Rc4 N2b4 22. Rdc1 Nxd5 23. Rxa4 Ne7 24. Nd3 Rd4 25. Rxd4 exd4 26. Nf4 Kd6 27. Rd1 c5 28. Bxb7 Nb4 29. e3 g5 30. Nh5 d3 31. Be4 c4 32. g4 f5 33. gxf5 Nxf5 34. Kg2 Ke5 35. Bxf5 Kxf5 36. Ng3+ Ke5 37. Kf1 c3 38. Ra1 Rc8 39. Ra5+ Ke6 40. Ne4 c2 0-1

[Event "Skalica op"]
[Site "Skalica"]
[Date "2021.08.26"]
[Round "6"]
[White "Kalisky, Vladimir"]
[Black "Stevik, Patrik1111"]
[Result "1-0"]
[WhiteElo "2139"]
[BlackElo "2024"]
[PlyCount "83"]
[EventDate "2021.08.21"]
[EventType "swiss"]
[EventRounds "9"]
[EventCountry "SVK"]
[SourceTitle "CBM 204 Extra"]
[Source "ChessBase"]
[SourceDate "2021.11.30"]
[SourceVersion "1"]
[SourceVersionDate "2021.11.30"]
[SourceQuality "1"]

1. e4 g6 2. d4 Bg7 3. Nf3 d6 4. Bd3 Nf6 5. 0-0 0-0 6. Re1 Bg4 7. Nbd2 Nc6 8. c3 e5 9. h3 Bxf3 10. Nxf3 Nh5 11. Be3 Qd7 12. Bb5 a6 13. Ba4 b5 14. Bc2 Rae8 15. a4 Nf6 16. d5 Ne7 17. axb5 axb5 18. Ra7 Rb8 19. Qd2 Nc8 20. Ra6 Ne8 21. Rea1 f5 22. Ng5 f4 23. Ba7 Rb7 24. f3 Rf6 25. Bb3 Bf8 26. Bf2 h6 27. Ne6 g5 28. Ra8 Rg6 29. c4 h5 30. c5 dxc5 31. Bxc5 Ned6 32. Qc3 g4 33. Qxe5 gxf3 34. Qxf4 Rxg2+ 35. Kh1 Bg7 36. Qxf3 Rg6 37. Bxd6 Qxd6 38. Rxc8+ Kh7 39. Qxh5+ Bh6 40. e5 Qb6 41. Bc2 Qg1+ 42. Rxg1 1-0

[Event "Skalica op"]
[Site "Skalica"]
[Date "2021.08.23"]
[Round "3"]
[White "Kalisky, Vladimir"]
[Black "Striskova, Lucia"]
[Result "1/2-1/2"]
[WhiteElo "2139"]
[BlackElo "1820"]
[PlyCount "103"]
[EventDate "2021.08.21"]
[EventType "swiss"]
[EventRounds "9"]
[EventCountry "SVK"]
[SourceTitle "CBM 204 Extra"]
[Source "ChessBase"]
[SourceDate "2021.11.30"]
[SourceVersion "1"]
[SourceVersionDate "2021.11.30"]
[SourceQuality "1"]

1. e4 e5 2. Nf3 Nc6 3. Bb5 Nf6 4. 0-0 Nxe4 5. d4 Nd6 6. Bxc6 dxc6 7. dxe5 Nf5 8. Qxd8+ Kxd8 9. Nc3 Ke8 10. h3 h5 11. Bf4 Be6 12. Rad1 Be7 13. Ng5 Rh6 14. Rfe1 Rd8 15. Nf3 Rg6 16. Rxd8+ Bxd8 17. Rd1 Be7 18. Kh2 Nh4 19. Nxh4 Bxh4 20. g3 Be7 21. a3 Bf5 22. Be3 a6 23. Ne2 Bxc2 24. Rd2 Be4 25. f4 c5 26. Nc3 Bf5 27. Nd5 Rc6 28. Bf2 Be4 29. Nxe7 Kxe7 30. g4 hxg4 31. hxg4 g6 32. Kg3 b5 33. f5 gxf5 34. Kf4 c4 35. Bh4+ Ke6 36. Rd8 c3 37. gxf5+ Bxf5 38. Re8+ Kd5 39. Rd8+ Kc4 40. bxc3 Be6 41. Be7 Kxc3 42. Ke3 Rc4 43. Bb4+ Kb3 44. Rd3+ Ka4 45. Rd4 c5 46. Bxc5 Rxd4 47. Kxd4 Kb3 48. Bb4 Ka4 49. Kc3 a5 50. Be7 b4+ 51. axb4 axb4+ 52. Bxb4 1/2-1/2

[Event "Skalica op"]
[Site "Skalica"]
[Date "2021.08.21"]
[Round "1"]
[White "Kalisky, Vladimir"]
[Black "Nagyova, Daniela"]
[Result "1-0"]
[WhiteElo "2139"]
[BlackElo "1729"]
[PlyCount "47"]
[EventDate "2021.08.21"]
[EventType "swiss"]
[EventRounds "9"]
[EventCountry "SVK"]
[SourceTitle "CBM 204 Extra"]
[Source "ChessBase"]
[SourceDate "2021.11.30"]
[SourceVersion "1"]
[SourceVersionDate "2021.11.30"]
[SourceQuality "1"]

1. c4 e5 2. Nc3 Nf6 3. Nf3 Nc6 4. g3 d5 5. cxd5 Nxd5 6. Bg2 Nb6 7. 0-0 Bd6 8. d4 exd4 9. Nxd4 Nxd4 10. Qxd4 0-0 11. Rd1 Be7 12. Qe4 Qe8 13. a4 c6 14. a5 Nd7 15. a6 Nb6 16. axb7 Bxb7 17. Be3 Bf6 18. Bc5 Qxe4 19. Nxe4 Rfd8 20. Nxf6+ gxf6 21. Rxd8+ Rxd8 22. Bf3 Nd5 23. Rxa7 Rd7 24. Bg4 1-0

[Event "SVK-ch Amateurs"]
[Site "Topolcany"]
[Date "2021.08.06"]
[Round "1"]
[White "Gazo, Daniel"]
[Black "Kalisky, Vladimir"]
[Result "0-1"]
[WhiteElo "1769"]
[BlackElo "2139"]
[PlyCount "102"]
[EventDate "2021.08.06"]
[EventType "swiss"]
[EventRounds "7"]
[EventCountry "SVK"]
[SourceTitle "EXT 2022"]
[Source "ChessBase"]
[SourceDate "2021.10.06"]
[SourceVersion "1"]
[SourceVersionDate "2021.10.06"]
[SourceQuality "1"]

1. d4 d5 2. Bf4 Nf6 3. e3 e6 4. c3 c5 5. Nd2 Qb6 6. Qb3 Bd7 7. Ngf3 Bc6 8. h3 Nbd7 9. Be2 Be7 10. 0-0 0-0 11. Ne5 Rfc8 12. Nxd7 Bxd7 13. Be5 Bc6 14. Bd3 Nd7 15. Bf4 h6 16. Qc2 Bf6 17. Nf3 Bb5 18. Qe2 Bxd3 19. Qxd3 cxd4 20. cxd4 Rc6 21. Rfc1 Rac8 22. Rxc6 Qxc6 23. b4 Be7 24. a3 Qc3 25. Rd1 Qxd3 26. Rxd3 Rc1+ 27. Kh2 Rc2 28. Bg3 Nb6 29. Ne1 Ra2 30. Rc3 Nc4 31. Nc2 Kf8 32. Bb8 Ke8 33. Bxa7 Bd6+ 34. g3 b6 35. Kg2 Kd7 36. b5 Kc7 37. e4 Kb7 38. exd5 exd5 39. Nb4 Bxb4 40. axb4 f5 41. Bxb6 Kxb6 42. Rf3 g5 43. g4 f4 44. h4 Nd6 45. Rc3 Ne4 46. Rc6+ Kxb5 47. Rxh6 Rxf2+ 48. Kg1 f3 49. hxg5 Rg2+ 50. Kf1 Ng3+ 51. Ke1 f2+ 0-1

[Event "Skalica Masters op"]
[Site "Skalica"]
[Date "2020.08.24"]
[Round "2"]
[White "Kalisky, Vladimir"]
[Black "Matis, Tibor"]
[Result "1-0"]
[WhiteElo "2134"]
[BlackElo "1972"]
[PlyCount "155"]
[EventDate "2020.08.23"]
[EventType "swiss"]
[EventRounds "9"]
[EventCountry "SVK"]
[SourceTitle "CBM 198 Extra"]
[Source "ChessBase"]
[SourceDate "2020.11.30"]
[SourceVersion "1"]
[SourceVersionDate "2020.11.30"]
[SourceQuality "1"]

1. c4 Nf6 2. Nc3 g6 3. e4 d6 4. d4 Bg7 5. Nf3 0-0 6. Be2 c5 7. 0-0 Bg4 8. Be3 Bxf3 9. Bxf3 cxd4 10. Bxd4 Nc6 11. Be3 Rc8 12. Be2 Nd7 13. Qd2 Nc5 14. f3 Re8 15. Rab1 a5 16. Nb5 b6 17. b3 Qd7 18. Rbd1 Rcd8 19. Bd3 Ne5 20. Bc2 a4 21. Bd4 Qc8 22. h3 Qb8 23. b4 Ne6 24. Bxa4 Rc8 25. Bxe5 Bxe5 26. f4 Bf6 27. f5 Bg5 28. fxe6 Bxd2 29. exf7+ Kh8 30. fxe8Q+ Rxe8 31. Rxd2 Rf8 32. Nd4 Rxf1+ 33. Kxf1 Qa8 34. Bc6 Qa3 35. Bd5 Qxb4 36. Nf3 Qb1+ 37. Kf2 Kg7 38. Kg3 h6 39. h4 Qc1 40. Kh2 g5 41. hxg5 hxg5 42. Rf2 Qe3 43. Rf1 Qe2 44. Re1 Qf2 45. Rd1 g4 46. Nd4 Kf6 47. Be6 Qf4+ 48. Kh1 Qh6+ 49. Kg1 g3 50. Bh3 Qe3+ 51. Kh1 Qxe4 52. Rf1+ Kg5 53. Nf3+ Kh6 54. Re1 Qxc4 55. Re6+ Kg7 56. Rxe7+ Kf8 57. Rd7 Qc1+ 58. Ng1 Qc5 59. Rd8+ Ke7 60. Rc8 Qa3 61. Rc2 d5 62. Ne2 Qd3 63. Rb2 b5 64. Ng1 Kd6 65. Rb3 Qc4 66. Rxg3 Qxa2 67. Bf5 b4 68. Rf3 b3 69. Rf1 Qd2 70. g4 b2 71. Rb1 d4 72. Nf3 Qc1+ 73. Kg2 Kc5 74. g5 Kb4 75. g6 Qc7 76. Rxb2+ Ka3 77. Rd2 Qf4 78. g7 1-0

[Event "SVK-ch Amateur"]
[Site "Topolcany"]
[Date "2020.07.13"]
[Round "7"]
[White "Kalisky, Vladimir"]
[Black "Pniaczek, Marek"]
[Result "0-1"]
[WhiteElo "2128"]
[BlackElo "2102"]
[PlyCount "86"]
[EventDate "2020.07.10"]
[EventType "swiss"]
[EventRounds "7"]
[EventCountry "SVK"]
[SourceTitle "EXT 2021"]
[Source "ChessBase"]
[SourceDate "2020.10.23"]
[SourceVersion "1"]
[SourceVersionDate "2020.10.23"]
[SourceQuality "1"]

1. c4 Nf6 2. Nc3 g6 3. d4 Bg7 4. e4 d6 5. g3 0-0 6. Bg2 e5 7. d5 a5 8. Nge2 Na6 9. 0-0 Nc5 10. h3 Bd7 11. Be3 Ne8 12. f4 exf4 13. gxf4 b6 14. f5 Qe7 15. Qd2 Nf6 16. Ng3 Ne8 17. Rae1 Be5 18. Nge2 Bf6 19. Nd4 Na4 20. Nd1 Ng7 21. Nf2 h5 22. Nd3 Nc5 23. Nxc5 bxc5 24. Nf3 Rfb8 25. e5 dxe5 26. fxg6 fxg6 27. Ng5 Ra6 28. Ne4 Bh4 29. Re2 Nf5 30. Bxc5 Qf7 31. b3 Rd8 32. Be3 Qe7 33. Bc5 Qg7 34. Rd1 g5 35. Bf2 g4 36. Nc5 gxh3 37. Be3 Rg6 38. Nxd7 Rxd7 39. Rf1 Nxe3 40. Qxe3 Rxg2+ 41. Kh1 Qg4 42. Rf3 Rg7 43. Qxe5 Qxf3 0-1